| 000 | 00427nam a2200157 i 4500 | ||
|---|---|---|---|
| 001 | 145633 | ||
| 003 | ES-MaACL | ||
| 005 | 20230906201254.0 | ||
| 007 | t| | ||
| 008 | 071015s1972 sp ||||1| spa d | ||
| 100 | 1 |
_aVerlee, L. _9114144 |
|
| 245 | 1 | 0 |
_aEnseñanza de idiomas e información cultural / _cL. Verlee. |
| 260 |
_aMadrid : _bFragua, _c1972. |
||
| 300 |
_a161 p. ; _c22 cm. |
||
| 852 |
_aES-MaACL _jC-45063 _bR.80702 |
||
| 999 |
_c145633 _d145633 |
||